Statistics for US Cities with the Highest Violent Crime Rates

Click here to take the quiz!

General Stats

  • This quiz has been taken 22 times
  • The average score is 4 of 15

Answer Stats

Violent Crime RateAnswer% Correct
19.5Detroit, MI
90%
19.0Baltimore, MD
75%
19.2St Louis, MO
60%
19.0Memphis, TN
60%
15.3Springfield, MO
35%
15.3Little Rock, AR
30%
15.7Camden, NJ
20%
15.8Alexandria, LA
15%
17.5Danville, IL
10%
15.8Wilmington, DE
10%
15.7Scranton, PA
10%
15.2Saginaw, MI
10%
15.2San Bernadino, CA
10%
17.9Monroe, LA
5%
15.5Pine Bluff, AR
5%

Score Distribution

Percentile by Number Answered

Percent of People with Each Score

Your Score History

You have not taken this quiz